000 00408nam a2200169Ia 4500
008 230524s9999 xx 000 0 und d
020 _a8170292646
082 _a5.133
_bSPE
100 _aRick Spence
_92892
245 0 _aClipper 5.2 Power Progemmer's Guide
250 _a1ST
260 _aNEW DELHI
_bBPB
_c1994
300 _aXXVII;812
500 _aQuantity Number: 1
650 _aComp-Sc
942 _cBK
999 _c5058
_d5058